Geography True or False #7 - Statistics

General Stats
  • This quiz has been taken 21,560 times
  • The average score is 12 of 15
Answer Stats
Question Answer % Correct
Every country in Oceania touches the ocean True
93%
China has a land border with South Korea False
92%
Milan is located in northern Italy True
90%
The two largest cities in Vietnam both start with the letter H True
88%
Part of Cyprus is controlled by an unrecognized Turkish-speaking state True
88%
Alaska borders the Atlantic Ocean False
84%
New Zealand has a bird on its flag False
84%
London and Cairo are in the same time zone False
83%
A majority of Polish people are Catholic True
82%
Hokkaido is the northernmost of Japan's four main islands True
81%
The world's third tallest mountain is named K3 False
78%
The Aswan Dam lies on the Nile River True
78%
Iceland is mostly covered by lush forests False
70%
South Korea is projected to double in population by 2100 False
69%
The Great Salt Lake is the deepest lake in the United States False
68%
No matching quizzes found
Score Distribution
Percent of People with Each Score
Percentile by Number Answered
Your Score History
You have not taken this quiz